[Event "Pleven op 3rd"]
[Site "Pleven"]
[Date "2016.10.08"]
[Round "3"]
[White "Nikolov, Nikola"]
[Black "Radev, Rumen Ang"]
[Result "1/2-1/2"]
[WhiteElo "1509"]
[BlackElo "1946"]
[PlyCount "47"]
[EventDate "2016.10.07"]
[EventType "swiss"]
[EventRounds "7"]
[EventCountry "BUL"]
[SourceTitle "EXT 2017"]
[Source "ChessBase"]
[SourceDate "2016.10.25"]
[SourceVersion "1"]
[SourceVersionDate "2016.10.25"]
[SourceQuality "1"]

1. d4 Nf6 2. Nf3 d6 3. c4 Nbd7 4. Nc3 e5 5. d5 a5 6. e4 Be7 7. Be3 h6 8. Bd3 Nh7 9. 0-0 Ng5 10. h3 Nxf3+ 11. Qxf3 Bg5 12. Qe2 Bxe3 13. fxe3 Nc5 14. Bc2 Bd7 15. Rf3 Qh4 16. Raf1 f6 17. Qf2 Qxf2+ 18. R1xf2 0-0 19. Rg3 Kh7 20. Rf1 Rf7 21. Bd1 g6 22. Bg4 Bxg4 23. Rxg4 Raf8 24. Rg3 1/2-1/2

[Event "Kesarovski Georgiev Memorial 6th"]
[Site "Sunny Beach"]
[Date "2007.09.11"]
[Round "2"]
[White "Angelov, Zvetomir"]
[Black "Nikolov, Nikola"]
[Result "1-0"]
[WhiteElo "2128"]
[BlackElo "1872"]
[PlyCount "63"]
[EventDate "2007.09.10"]
[EventType "swiss"]
[EventRounds "9"]
[EventCountry "BUL"]
[SourceTitle "CBM 120 Extra"]
[Source "ChessBase"]
[SourceDate "2007.11.01"]
[SourceVersion "1"]
[SourceVersionDate "2007.11.01"]
[SourceQuality "1"]

1. c4 e5 2. Nc3 d6 3. g3 f5 4. Bg2 Nf6 5. d3 Be7 6. Nf3 0-0 7. 0-0 c6 8. b4 h6 9. b5 Nbd7 10. bxc6 bxc6 11. Nh4 Nc5 12. Ng6 Re8 13. Bxc6 Bd7 14. Nxe7+ Rxe7 15. Bxa8 Qxa8 16. d4 Nce4 17. Nxe4 Qxe4 18. dxe5 dxe5 19. Qd3 Qg4 20. f3 Qh3 21. Qd6 Kf7 22. Ba3 Re6 23. Qf8+ Kg6 24. Rfd1 e4 25. Bc5 Bc6 26. Rd6 exf3 27. exf3 Re2 28. Rxf6+ Kh7 29. Bf2 Bxf3 30. Rxh6+ Qxh6 31. Qxf5+ Kh8 32. Qxf3 1-0